00971nam a2200229Ia 4500008004100000020001800041050002000059245011500079260002500194300003800219440002500257650002800282650003700310700004000347700004800387700003800435700004000473942001200513952010300525952009600628999001700724120626s 2006ag 000 0 spa d a950-12-4538-1 aRA393bP65 2006 aPsicología y políticas públicas de salud c/ Martín de Lellis... [et al.] ; prólogo: Víctor Giorgi aArgentina : Paidós a319 p. : diagrs., tablas ; 21 cm. aTramas sociales ; 381 aI. Política sanitaria2 aII. Salud mental de la comunidad10aI. Lellis, Martín de, colaborador10aII. Alvarez González, Miguel, colaborador10aIII. Rossetto, Jorge, colaborador10aIV. Soforcada, Enrique, colaborador 2lcccLB 00102ddc4070a22b22d2010-10-28l0oRA393 P75 2006p17 000838r2023-07-31t1w2012-06-26yLBf 00104070a18b18d2014-02-14l0oRA393 P65 2006p18 002038r2014-02-14t1w2014-02-14yLB c73504d73504